Место инновационной рекламы в инновационном бизнесе; Информационные технологии в науке, управлении, социальной сфере и медицине

Bibliographische Detailangaben
Parent link:Информационные технологии в науке, управлении, социальной сфере и медицине.— 2015.— [С. 422-423]
1. Verfasser: Сировская Е. А.
Körperschaft: Национальный исследовательский Томский политехнический университет (ТПУ)
Zusammenfassung:Заглавие с титульного экрана
В наше время становится, очевидно, что стратегическим фактором развития почти для каждого предприятия и в целом экономики являются инновации, внедрение которых существенно влияют на процветание инновационного бизнеса и требуют продвижения продуктов с помощью инновационной рекламы.
Nowadays it becomes obvious that a strategic development factor for almost every business and overall economy are innovation, the introduction of which significantly affect the prosperity of business innovation and demand promoting a product by using innovative advertising.
Sprache:Russisch
Veröffentlicht: 2015
Schriftenreihe:Информационные технологии в маркетинге
Schlagworte:
Online-Zugang:http://earchive.tpu.ru/handle/11683/17183
http://www.lib.tpu.ru/fulltext/c/2015/C24/185.pdf
Format: MixedMaterials Elektronisch Buchkapitel
KOHA link:https://koha.lib.tpu.ru/cgi-bin/koha/opac-detail.pl?biblionumber=613924

MARC

LEADER 00000naa2a2200000 4500
001 613924
005 20231101132801.0
035 |a (RuTPU)RU\TPU\conf\12082 
035 |a RU\TPU\conf\12081 
090 |a 613924 
100 |a 20150903d2015 k y0rusy50 ca 
101 0 |a rus  |d eng 
102 |a RU 
105 |a y z 101zy 
135 |a drcn ---uucaa 
181 0 |a i  
182 0 |a b 
200 1 |a Место инновационной рекламы в инновационном бизнесе  |d Place an innovative advertising the business innovation  |f Е. А. Сировская 
203 |a Текст  |c электронный 
225 1 |a Информационные технологии в маркетинге 
230 |a 1 компьютерный файл (pdf; 352 Kb) 
300 |a Заглавие с титульного экрана 
320 |a [Библиогр.: с. 423 (3 назв.)] 
330 |a В наше время становится, очевидно, что стратегическим фактором развития почти для каждого предприятия и в целом экономики являются инновации, внедрение которых существенно влияют на процветание инновационного бизнеса и требуют продвижения продуктов с помощью инновационной рекламы. 
330 |a Nowadays it becomes obvious that a strategic development factor for almost every business and overall economy are innovation, the introduction of which significantly affect the prosperity of business innovation and demand promoting a product by using innovative advertising. 
337 |a Adobe Reader 
463 0 |0 (RuTPU)RU\TPU\conf\11725  |t Информационные технологии в науке, управлении, социальной сфере и медицине  |o сборник научных трудов II Международной конференции, 19-22 мая 2015 г., Томск  |f Национальный исследовательский Томский политехнический университет (ТПУ) ; ред. кол. О. Г. Берестнева [и др.]  |v [С. 422-423]  |d 2015 
510 1 |a Place an innovative advertising the business innovation  |z eng 
610 1 |a труды учёных ТПУ 
610 1 |a электронный ресурс 
610 1 |a инновации 
610 1 |a реклама 
610 1 |a инновационный бизнес 
610 1 |a 3D 
610 1 |a бизнес 
700 1 |a Сировская  |b Е. А. 
712 0 2 |a Национальный исследовательский Томский политехнический университет (ТПУ)  |c (2009- )  |2 stltpush  |3 (RuTPU)RU\TPU\col\15902 
801 2 |a RU  |b 63413507  |c 20210129  |g RCR 
856 4 |u http://earchive.tpu.ru/handle/11683/17183 
856 4 |u http://www.lib.tpu.ru/fulltext/c/2015/C24/185.pdf 
942 |c BK